LEADER 01138nam a2200289 i 4500 001 000000160220 003 CaOOAMICUS 005 20070315000000.0 008 070315s1987 it u000 u ita u 013 $a137583 020 $a88-18-23016-6 040 $aSeMil$bita 100 1 $aKotnik, Dara.$0(OLS)http://semarc/name/41765 245 10$aMargherita di Navarra :$bla regina Margot /$cDara Kotnik. 260 $aMilano :$bRusconi,$c1987. 300 $a233 p., [12] p. di tav. :$bill. ;$c22 cm. 490 0 $aLe vite 500 $aFondo Card. Giovanni Colombo. 600 04$aMargherita : di Valois .$0(OLS)http://semarc/subject/17339 830 3$aLe vite.$0(OLS)http://semarc/title/7309 850 $aSeMil 852 $aSeMil$W1$xVenegono$y1$m1O II 126$j111696$B111696$CSeMilBibl$Z2$F121662 $81 941 1 $a3 961 $aLascito: Colombo Card. Giovanni 996 $6020$a88-18-23016-6$9(OLS)http://semarc/number/75953 996 $6245$aMargherita di Navarra :$bla regina Margot$9(OLS)http://semarc/title/142706 996 $6260$aMilano :$bRusconi$9(OLS)http://semarc/publisher/30258 LEADER 01062nam a2200277 i 4500 001 000000181594 003 CaOOAMICUS 005 20190605143021.0 008 090911s2007 it u000 u ita u 013 $a159465 020 $a978-88-250-2009-0 040 $aSeMil$bita 100 1 $aLazzarin, Piero.$0(OLS)http://semarc/name/40095 245 10$aPadre Mario Venturini /$cPiero Lazzarin. 260 $aPadova :$bMessaggero,$ccopyr. 2007. 300 $a214 p., [8] p. di foto ;$c19 cm. 490 0 $aI testimoni ;$v40 650 4$aVenturini, Mario .$0(OLS)http://semarc/subject/21669 830 2$aI testimoni ;$v40.$0(OLS)http://semarc/title/423472 850 $aSeMil 852 $aSeMil$W1$xVenegono$y1$m3G II 412$j132298$B132298$CSeMilBibl$Z2$F144471 $81 961 $aOmaggio: Bressan don Luca 996 $6020$a978-88-250-2009-0$9(OLS)http://semarc/number/171081 996 $6245$aPadre Mario Venturini$9(OLS)http://semarc/title/260625 996 $6260$aPadova :$bMessaggero$9(OLS)http://semarc/publisher/29786